1563 1086 1140 1003 1306 1022 1355 1513 1699 1097 1104 1989 1242 1338 1673 1029 1041 1609 1132 1199 1770 1186 1776 1245 1417 1241 1568 1971 1803 1578 1220 1711 1723 1443 1933 1293 1865 1827 1178 1115 1414 1116 1586 1792 1396 1865 1976 1878 1896 1554 1963 1529 1326 1467 1428 1100 1939 1824 1303 1914 1984 1315 1354 1659 1514 1076 1059 1304 1963 1891 1353 1233 1206 1817 1672 1208 1509 1615 1717 1111 1486 1708 1795 1931 1784 1148 1812 1429 1439 1528 1977 1766 1260 1347 1654 1207 1647 1684 1928 BCNSPRNW ULIB Ver.6.0+V

เปลี่ยนเป็นภาษาไทย

Change to English
 แสดงรายละเอียดบรรณานุกรม
  กลับหน้าหลัก

Brief Record : Get Marc (ISO 2709) : E-mail record : QR code < ปิดหน้าต่าง
LEADER : 00000nam 2200000uu 4500
001    13399113275
003     ULIB
008    111005s2551||||th 000 0 tha d
020    9789740596868
050 04 TT890^bศ839ก 2551
100 0  เศรษฐพงศ์ อัปมะเย
245 10 การประดิษฐ์พานรับน้ำ /^cเศรษฐพงศ์ อัปมะเย
250    พิมพ์ครั้งที่ 1
260    กรุงเทพฯ :^bวาดศิลป์,^c2551
300    64 หน้า :^bภาพประกอบ ;^c26 ซม
440  0 โครงการหนังสืออนุรักษ์และส่งเสริมศิลปวัฒนธรรมไทย
650  7 การจัดดอกไม้
650  7 การประดิษฐ์ด้วยใบตอง
650  7 มาลัย
945    ^p160^l0^i027690
995    ทศพร
999 ^a ทศพร
รายการนี้ยังไม่มีแท็ก
คุณยังไม่ได้ล็อกอิน คุณสามารถมีกิจกรรมร่วมกับเว็บไซต์ได้ แต่ต้องล็อกอินก่อน ::
  ล็อกอิน

รายการสื่อสารสนเทศ

ลำดับที่ ประเภท เลขเรียก/บาร์โค้ด สถานที่ สถานะ
- ไม่พบข้อมูล -

รายการใกล้เคียง
    ผู้แต่ง [เศรษฐพงศ์ อัปมะเย]

    หัวเรื่อง [การจัดดอกไม้]
    หัวเรื่อง [การประดิษฐ์ด้วยใบตอง]
    หัวเรื่อง [มาลัย]

BibComment


ยังไม่เคยถูกคอมเมนท์

คอมเมนท์ทรัพยากรรายการนี้
  คอมเมนท์: การประดิษฐ์พานรับ..


 Copyright 2026. Bcnsprnw @Library